000
00195nam a22000857a 4500
082
_a
300
100
_a
CBSE
245
_a
FORMATIVE ASSESSMENT MANUAL FOR TEACHERS
_b
SOCIAL SCIENCE CLASS IX
942
_c
BK
999
_c
8463
_d
8463